00418nam a22001337a 4500008004100000100001800041245007900059260002900138300003600167650001700203650001800220700001700238773002900255191003b ||||| |||| 00| 0 eng d aGanong, Peter aConsumer spending during unemployment: Positive and normative implications bAmerican Economic Review a109(7), Jul, 2019: p.2383-2424. aConsumption  aUnemployment  aNoel, Pascal aAmerican Economic Review